000 00771nam a22002537i 4500
003 URS
005 20230817141457.0
008 160726s2000 -ph||||| |||| 00| 0 eng d
020 _a9712328333
040 _cURS
050 1 4 _aKPM856.A9
_b.C274 2000
100 1 _aCastañeda, Catalino R.
_cJr.
_eauthor
245 1 0 _aComprehensive review of business law /
_cHector S. De Leon, Catalino R. Castañeda, Jr.
250 _aEighth edition
264 1 _aManila :
_bRex Bookstore,
_c[date of publication not idenfitied].
264 4 _c©2000
300 _axxii, 572 pages ;
_c26 cm
336 _2rdacontent
_atext
337 _2rdamedia
_aunmediated
338 _2rdacarrier
_avolume
650 0 _aBusiness law
700 1 _aDe Leon, Hector S.
_eauthor
942 _2lcc
_cF
999 _c72635
_d72634